| 000 | 00000nam##2200000za#4500 |
| 001 | 9.565974 |
| 003 | CaOODSP |
| 005 | 20210624180052 |
| 007 | cr ||||||||||| |
| 008 | 150406|1999||||xxc|||||o f|0| 0 eng|d |
| 040 | |aCaOODSP|beng |
| 043 | |an-cn--- |
| 086 | 1 |aTU3-7/99-22E-PDF |
| 110 | 2 |aTransportation Safety Board of Canada. |
| 245 | 10|aSinking with Loss of Life - Fishing Vessel “Joseph & Sisters”, Minas Basin, Bay of Fundy, 14 October 1999 |h[electronic resource] |
| 260 | |bTransportation Safety Board of Canada |c[2001]. |
| 300 | |a11p.|bgraph, map, references, table |
| 490 | 1 |aMarine investigation report |vM99M0142 |
| 590 | |a10-05-Supp|b2010-07-20 |
| 690 | 07|aMarine accidents|2gcpds |
| 775 | 08|tNaufrage avec perte de vie - Bateau de pêche «Joseph & Sisters», Bassin Minas, baie de Fundy, 14 octobre 1999 |w(CaOODSP)9.597464 |
| 830 | #0|aMarine investigation report ;|vM99M0142|w(CaOODSP)9.504867 |
| 856 | 40|ahttp://publications.gc.ca|qPDF|s3150 KB|uhttps://publications.gc.ca/collections/collection_2009/bst-tsb/TU3-7-99-22E.pdf|yM99M0142 |